Business Ethiics (Record no. 3084)

MARC details
000 -LEADER
fixed length control field 00326nam a2200145Ia 4500
008 - FIXED-LENGTH DATA ELEMENTS--GENERAL INFORMATION
fixed length control field 191201s2005 xx 000 0 und d
082 ## - DEWEY DECIMAL CLASSIFICATION NUMBER
Classification number 658.069
Item number WIB
100 ## - MAIN ENTRY--PERSONAL NAME
Personal name William, H.Shaw
245 #0 - TITLE STATEMENT
Title Business Ethiics
250 ## - EDITION STATEMENT
Edition statement 4th
260 ## - PUBLICATION, DISTRIBUTION, ETC. (IMPRINT)
Place of publication, distribution, etc N.Delhi
Name of publisher, distributor, etc Thomson
Date of publication, distribution, etc 2005
300 ## - PHYSICAL DESCRIPTION
Extent 432
650 ## - SUBJECT ADDED ENTRY--TOPICAL TERM
Topical term or geographic name as entry element MBA
942 ## - ADDED ENTRY ELEMENTS (KOHA)
Source of classification or shelving scheme Dewey Decimal Classification
Koha item type Text Books
942 ## - ADDED ENTRY ELEMENTS (KOHA)
-- 1
Holdings
Withdrawn status Lost status Source of classification or shelving scheme Damaged status Not for loan Collection code Home library Current library Date acquired Source of acquisition Cost, normal purchase price Bill Number Total Checkouts Full call number Acc. no. / Barcode Date last seen Bill Date Koha item type Date last borrowed
    Dewey Decimal Classification     MBA PIET C-LIBRARY PIET C-LIBRARY 22/08/2007 J B C, New Delhi 295.00 721   174.4 SHB 7316 04/12/2019 30/07/2007 Text Books  
    Dewey Decimal Classification     MBA PIET C-LIBRARY PIET C-LIBRARY 22/08/2007 J B C, New Delhi 295.00 721 1 174.4 SHB 7317 12/12/2022 30/07/2007 Text Books 07/12/2022
    Dewey Decimal Classification     MBA PIET C-LIBRARY PIET C-LIBRARY 22/08/2007 J B C, New Delhi 295.00 721   658.069 WIB 7318 04/12/2019 30/07/2007 Text Books  

Design & Developed by: PIET Central Library
R70 Miles Stone Pattikalyana Samalkha Panipat 132102
mail ID :- [email protected], Phone No:- 0180-2569700 Ex.216